Normal view MARC view

Entry Personal Name

Number of records used in: 1

001 - CONTROL NUMBER

  • control field: 1933

003 - CONTROL NUMBER IDENTIFIER

  • control field: HDC

005 - DATE AND TIME OF LATEST TRANSACTION

  • control field: 20230624073121.0

008 - FIXED-LENGTH DATA ELEMENTS

  • fixed length control field: 201229|| aca||aabn | a|a d

040 ## - CATALOGING SOURCE

  • Original cataloging agency: HDC
  • Transcribing agency: HDC

100 ## - HEADING--PERSONAL NAME

  • Personal name: Fadhlur Rahim Azmi

670 ## - SOURCE DATA FOUND

  • Source citation: Work cat.: (HDC): Fadhlur Rahim Azmi author, The adoption of halal food supply chain towards the performance of food manufacturing in Malaysia, 2018
Halal Development Corporation Berhad (HDC)
5.02 Level 5, KPMG Tower, First Avenue, Persiaran Bandar Utama, 47800 Petaling Jaya, Selangor Darul Ehsan
Phone: +603 7965 5489 Email: [email protected]